| 000 | 00563nam a22001937a 4500 | ||
|---|---|---|---|
| 003 | 0 | ||
| 005 | 20240417125518.0 | ||
| 008 | 240417b xxu||||| |||| 00| 0 eng d | ||
| 020 | _a978-1-912464-04-3 | ||
| 050 |
_aCL _bFit552 2018 |
||
| 082 |
_aCL _bFit552 2018 |
||
| 100 | _aFitzerald, F. Scott | ||
| 245 |
_aThe great gatsby _cF. Scott Fitzerald |
||
| 260 |
_aBerkshire, United Kingdom _bBaker Street Press _cc2018. |
||
| 300 |
_a63 pages : _bcolored illustrations ; _c20cm. |
||
| 650 | _aEnglish Fiction. | ||
| 650 | _aPicture Books. | ||
| 942 |
_2ddc _cBK |
||
| 999 |
_c365943 _d365943 |
||